Poesía y cuentos para chicos : ii /
Guardado en:
| Autor Principal: | |
|---|---|
| Otros Autores: | |
| Formato: | Libro |
| Publicado: |
Buenos Aires :
Colihue,
2013
|
| Series: | Obras completas de Javier Villafañe
|
| Materias: | |
| Etiquetas: |
Agregar Etiqueta
Sin Etiquetas, Sea el primero en etiquetar este registro!
|
| LEADER | 02391nam a22003015a 4500 | ||
|---|---|---|---|
| 001 | CEM.cems015476 | ||
| 005 | 20191209140818.0 | ||
| 008 | 130507s2013##################000#0#####d | ||
| 003 | CEMS | ||
| 020 | |a 9789876849746 | ||
| 082 | 0 | 4 | |a A861.4 |
| 100 | 1 | |a Villafañe, Javier | |
| 245 | 1 | 0 | |a Poesía y cuentos para chicos : |b ii / |c Javier Villafañe ; compilado Por María de Los ángeles Serrano |
| 260 | |a Buenos Aires : |b Colihue, |c 2013 | ||
| 300 | |a 320 p. | ||
| 490 | 0 | |a Obras completas de Javier Villafañe | |
| 505 | 0 | |a El gallo Pinto -- Canción de los tres hermanos -- El sueño del niño negro -- ROnda del sapo y la rana -- Adivina adivinador -- Canción de los leñadores -- El viejo ratón -- Los cinco burritos -- Duérmete, mi niño -- Pobre caballito -- Ronda de los cuatro vientos -- La niña y el Ángel -- Maese Trotamundos -- El marinero músico -- Patita -- Sansón -- El encuentro -- El mensaje -- Compañeros -- Las monedas de oro -- El juego del gallo ciego -- El diluvio. Un caso de don Juan -- Recuerdo de un nacimiento -- Historia de dos osas y un oso -- Los sueños del sapo -- El caballo que perdió la cola -- La tijera que cortaba la tierra -- Dos cuentos de Pedro Urdemales : La olla mágica. El árbol de la fortuna -- El gallo de las veletas -- El caballo celoso -- La vuelta al mundo -- La fiesta del grillo -- El gato que quiso comerse la luna -- Cuento que se vuelve a contar -- El hombre que debía adivinarle la edad al Diablo -- El tío Kive -- La honda y el violín -- Leyenda del suindá -- Leyenda de los loicas -- El ñatiú y el tuyuyú -- El viaje de la Virgen. Leyendas de la mula, la perdiz y el chajá -- Leyenda del lucero del alba -- Por qué el tordo no tiene nido -- Leyenda de la flor del lirolay -- Leyenda del chingolo -- Leyenda de la iguana -- Leyenda de la comadreja -- Juana Las Doce -- Brasita de fuego -- Teru Teru -- Chuña -- Tucán -- Tordo -- Caráu -- Carancho -- Lechuza de los campanarios -- Picaflor -- Ñandú | |
| 653 | |a Literatura | ||
| 653 | |a Literatura argentina | ||
| 653 | |a Literatura infantil | ||
| 653 | |a Poesía | ||
| 653 | |a Poesía infantil | ||
| 653 | |a Leyendas | ||
| 653 | |a Canciones | ||
| 653 | |a Cuentos infantiles | ||
| 653 | |a Colección ciencias de la educación | ||
| 700 | 1 | |a Serrano, María de los Ángeles; comp. | |
| 859 | |a CEMS |b BIB. CEMS - Ccias. Educacion |h A861.4 |i V771-1 |k CE |p 28899.19 |t Ej.1 | ||
